000 00389 a2200157 4500
999 _c321308
_d321308
001 86235
003 NUST
005 20180122100845.0
008 180122b xxu||||| |||| 00| 0 eng d
020 _a9789693519235
082 _a891.4393 QAS
100 _aAhmed Nadeem Qasmi
_99434
245 _aMeray Ham Qadam
_cAhmed Nadeem Qasmi
_hUrdu
250 _a1st
260 _aLahore
_bSang e Meel
_c2007
300 _a160P.
500 _aGeneral Collection
942 _aCAE NUST
_cBK
_k891.4393 QAS
_2ddc